[Event "Graz Open 2018"]
[Site "Graz"]
[Date "2018.02.22"]
[Round "8"]
[White "Freitag, Manfred"]
[Black "Czarnota, Pawel"]
[Result "0-1"]
[WhiteElo "2382"]
[BlackElo "2562"]
[Annotator "TA"]
[PlyCount "70"]
[EventDate "2018.??.??"]
[EventType "swiss"]
[EventCountry "AUT"]
[SourceTitle "playchess.com"]
[Source "ChessBase"]
[SourceQuality "1"]

{[%evp 29,70,52,43,67,87,73,90,89,108,63,125,22,27,-51,-14,-18,-20,-15,-20,0,0,-27,-38,-51,-12,-51,-51,-81,-72,-66,-51,-132,-152,-195,-170,-397,-414,-404,-427,-793,-772,-1410,-1378]} 1. e4 c5 2. Nf3 d6 3. d4 cxd4 4. Nxd4 Nf6 5. Nc3 Nc6 6. Bg5 e6 7. Qd2 a6 8. O-O-O Bd7 9. f4 b5 10. Bxf6 gxf6 11. Kb1 b4 {B67: Sicilian: Richter-Rauzer: 7...a6 8 0-0-0 Bd7, lines without 9 f4 Be7} (11... Qb6 12. Nce2 Rc8 13. h4 Rg8 14. f5 Nxd4 15. Nxd4 e5 16. Ne2 b4 17. Rh3 d5 18. Rg3 Rh8 19. Rf3 h5 20. exd5 Rc4 {1-0 (54) Anand,V (2786)-Gelfand,B (2724) Zuerich 2017}) 12. Nce2 {[%cal Bc3e2,Be2g3,Bg3h5][%mdl 32]} Qb6 13. Nxc6 Bxc6 14. f5 e5 15. Ng3 Qc5 {LiveBook: 66 Games} 16. Bd3 Ke7 17. Nh5 Rg8 18. Rhg1 a5 19. g4 {[#]} a4 $146 {[#]} 20. g5 (20. h4 $1 $16) 20... fxg5 $11 21. f6+ (21. Bc4 $11) 21... Kd7 {[%cal Be7d7,Bd7e8,Be8d8][%mdl 32]} 22. Qe2 Rg6 23. Bc4 Ke8 $1 24. Rg3 Ra7 25. b3 Rc7 26. Rgd3 a3 27. h3 (27. Ng7+ $5 Kd8 28. Qg4 $11 (28. Bxf7 Rxf6 29. Ne6+ Rxe6 $15)) 27... Kd8 28. c3 Rh6 29. cxb4 Qxb4 30. Re3 (30. R3d2 $15) 30... Bb7 $17 {Threatens to win with ...Rxc4!} 31. Rc1 Qc5 32. Re1 $2 (32. Ng7) 32... Qd4 $19 33. Rd1 Qb6 34. Rc3 {[#]} (34. Ng3 $142 Rxh3 35. Rc1) 34... Rxh5 $1 {[%mdl 512]} 35. Qxh5 Qf2 {Precision: White = 31%, Black = 80%.} 0-1

[Event "Graz Open 2018"]
[Site "Graz"]
[Date "2018.02.22"]
[Round "8"]
[White "Nomin-Erdene, Davaademberel"]
[Black "Kanmazalp, Ogulcan"]
[Result "1-0"]
[WhiteElo "2365"]
[BlackElo "2477"]
[Annotator "TA"]
[PlyCount "87"]
[EventDate "2018.??.??"]
[EventType "swiss"]
[EventCountry "AUT"]
[SourceTitle "playchess.com"]
[Source "ChessBase"]
[SourceQuality "1"]

{[%evp 18,87,29,35,9,0,14,1,0,-41,0,0,14,8,79,76,78,71,124,125,122,121,137,120,170,167,258,250,247,250,265,235,244,241,340,321,366,191,392,389,470,472,471,469,663,663,579,268,573,488,732,639,591,597,694,697,625,632,856,850,4108,1481,1370,2741,4813,1531,2295,1852,1125,1059,1019,861]} 1. e4 e5 2. Nf3 Nc6 3. Bb5 a6 4. Ba4 d6 5. c3 {[%cal Bc2c3,Bc3c4,Bc4c5,Bc5c6][%mdl 32]} Bd7 6. d4 g6 7. O-O Bg7 8. d5 Nce7 9. c4 {C76: Ruy Lopez: Deferred Steinitz: 5 c3 Bd7 6 d4 g6} b5 10. Bc2 {LiveBook: 7 Games} f5 11. Nc3 $146 {The position is equal.} ({Find the theoretical novelty and annotate with similar games:} 11. Ng5 Nf6 12. a4 bxc4 13. f3 c6 14. dxc6 Qb6+ 15. Kh1 Qxc6 16. a5 O-O {0-1 (43) Pavlidis,A (2539)-McShane,L (2640) Katowice 2017}) 11... Nf6 12. c5 O-O 13. a3 h6 14. c6 Be8 15. Nd2 f4 (15... Qb8 $11 {remains equal.}) 16. b4 $36 {[%mdl 2048] White is on the roll.} g5 17. f3 h5 (17... Qb8 $142) 18. a4 bxa4 19. Rxa4 g4 20. Qe2 Kh8 21. Rxa6 Bh6 (21... gxf3 {keeps fighting.} 22. gxf3 (22. Nxf3 Rxa6 23. Qxa6 Bg6 $16) (22. Rxf3 Bg6 $16) 22... Rxa6) 22. b5 $18 {[%cal Bb4b5,Bb5a6][%mdl 32]} Rg8 23. Kh1 h4 24. fxg4 Nxg4 25. Nf3 Rxa6 (25... h3 $142 26. gxh3 Nf6) 26. bxa6 Bh5 27. Nd1 ({Weaker is} 27. Nxh4 Nxc6 28. Qe1 (28. dxc6 $2 Qxh4 29. h3 Ne3 $19) 28... Nb4 $16) (27. h3 $142) 27... Ng6 $2 (27... h3 {was worth a try.}) 28. h3 Ne3 29. Nxe3 fxe3 30. Bxe3 Bxe3 (30... Nf4 $142 31. Bxf4 Bxf4) 31. Qxe3 {[%cal Re3h6] [#]} Nf4 32. Ne1 (32. a7 $142) 32... Rg3 $2 (32... Qg5 33. a7 Qg3 34. Qxg3 hxg3) 33. Qd2 {White is clearly winning.} Ra3 (33... Rg8 $142 34. a7 Qg5) 34. Rxf4 exf4 35. Bd1 {[#] aiming for Qb2+.} Rxa6 36. Qd4+ Kh7 37. Bxh5 Qg5 38. Bg4 f3 39. Nxf3 (39. Bf5+ $142 Kg8 40. Be6+ Kh7 41. Nxf3 Qc1+ 42. Ng1) 39... Qc1+ 40. Ng1 Ra1 41. Bf5+ Kg8 42. Be6+ Kh7 43. Qf2 Qg5 44. Qf5+ {Precision: White = 58%, Black = 33%.} 1-0

[Event "Graz Open 2018"]
[Site "Graz"]
[Date "2018.02.22"]
[Round "8"]
[White "Huber, Martin Christian"]
[Black "Baumegger, Siegfried"]
[Result "1/2-1/2"]
[WhiteElo "2364"]
[BlackElo "2450"]
[Annotator "TA"]
[PlyCount "148"]
[EventDate "2018.??.??"]
[EventType "swiss"]
[EventCountry "AUT"]
[SourceTitle "playchess.com"]
[Source "ChessBase"]
[SourceQuality "1"]

{[%evp 16,148,37,7,20,24,39,-15,79,-39,47,-79,-5,-36,5,8,5,24,65,35,69,97,68,46,89,0,35,16,19,-54,-73,-181,-193,-183,-43,-289,-58,-60,-69,-125,0,0,0,0,718,708,643,606,916,571,812,48,60,0,0,0,0,0,0,0,0,0,0,-25,0,0,0,0,0,0,0,0,0,0,0,0,0,0,10,10,14,14,14,35,59,0,0,0,8,14,75,75,75,0,0,0,401,397,370,75,75,106,189,75,75,75,75,75,75,76,75,75,75,75,75,0,30,0,0,0,0,0,0,0,0,0,0,0,0,0,0,0,0,0,0]} 1. d4 Nf6 2. c4 e6 3. Nc3 Bb4 4. Qc2 d6 5. Nf3 O-O 6. Bd2 c5 7. a3 {E32: Nimzo-Indian: Classical (4 Qc2): 4...0-0} (7. dxc5 Bxc5 8. e3 Nc6 9. a3 a6 10. Bd3 h6 11. O-O e5 12. Rfd1 Be6 13. Bc1 Rc8 14. b3 Ba7 {½-½ (40) Bachmann,A (2653)-Delgado Ramirez,N (2613) Medellin 2017}) 7... Ba5 8. dxc5 dxc5 9. e3 {LiveBook: 4 Games. White is slightly better.} Nbd7 10. Bd3 $146 ({Predecessor:} 10. Be2 b6 11. O-O Bb7 12. Rfd1 Bc6 13. b3 Qe7 14. Qb2 Rfd8 {½-½ (71) Toth,B-Matanovic,A Madonna di Campiglio 1973}) 10... Bc7 11. g4 ({White should try} 11. Rg1 $14) 11... Nxg4 (11... b5 $11) 12. Bxh7+ $16 Kh8 13. Ne4 (13. Rg1 $1 $14 {stays ahead.} f5 14. Bg6) 13... Nde5 (13... f5 $1 $17 14. Neg5 Nde5) 14. Neg5 $11 Nxf3+ 15. Nxf3 f5 $132 {[%mdl 2048] Black is not keeping still} 16. Rg1 e5 17. h3 Nxf2 18. Kxf2 Kxh7 19. Bc3 Qe8 20. Rad1 (20. Rg2 $16) 20... b6 21. Rd5 {Black should prevent Qd1.} (21. Ke1 $5 {[%cal Rc2g2]} Kg8 22. Qg2 $11) 21... Bb7 22. Rxe5 (22. Bxe5 $11 Bxe5 23. Rxe5) 22... Bxe5 $15 23. Nxe5 (23. Bxe5 $17 {was the only defense.} g6 24. Ng5+ Kg8 25. Bf4) 23... Qh5 $19 24. Rg3 Rae8 ({Black should play} 24... Rad8 $19 {And now ...Rd6 would win.} 25. Ng6 Rf7) 25. Qb1 $2 (25. Qd3 $1 $15 Qh6 26. Nd7) 25... g5 $2 ({Better is} 25... Re6 $1 $19 {Threatens to win with ...Qh4.} 26. Qd3 Rfe8) 26. Nd7 $15 Be4 27. Qg1 (27. Qe1 $15) 27... g4 (27... Qh4 $1 $17 28. Ke2 Kg6 29. Nxf8+ Rxf8) 28. Nxf8+ $11 Rxf8 29. Qd1 f4 $2 {[%mdl 8192]} (29... Bf3 $11 30. Qd6 Qe8) 30. Rxg4 $18 {Rg7+ would kill now.} fxe3+ 31. Kg1 $1 Bg6 32. Qd6 Qf5 {( -> ...Qf1+)} 33. Qe7+ $2 (33. Rh4+ $18 Bh5 34. Rxh5+ $1 {[%mdl 512]} Qxh5 35. Qxf8 Qg5+ 36. Kf1) 33... Rf7 $14 34. Rh4+ (34. Qxe3 $14 Qf1+ 35. Kh2 Rf2+ 36. Kg3 Rg2+ 37. Kh4) 34... Bh5 $11 35. Qe4 {White wants to mate with Rxh5+.} Qxe4 36. Rxe4 {[%mdl 4096] Endgame KRB-KRB} e2 37. Re5 Rf1+ 38. Kg2 Kg6 39. h4 Bf3+ 40. Kg3 Kh6 41. Re6+ Kh7 $1 42. Re7+ Kg6 43. Rxa7 Be4 {aiming for ...Rf3+.} 44. Rg7+ Kh6 45. Re7 Rf3+ 46. Kg2 ({Don't blunder} 46. Kg4 $2 Rxc3 $1 {[%mdl 512]} 47. Re6+ Kg7 $19) 46... Rxc3+ 47. Rxe4 {KR-KR} Rc2 48. Kf3 Rxb2 49. Rxe2 Rb1 $1 50. Ke4 (50. Re6+ $1 $14 Kh5 51. Ke2) 50... Rd1 $1 51. Rb2 Rd4+ 52. Ke5 Rxc4 (52... Kg7 $1 $11) 53. Rxb6+ $16 Kh5 54. Kd5 (54. Ra6 $1 $16) 54... Ra4 $1 $11 55. Rb3 c4 $2 {[%mdl 8192]} (55... Ra5 $1 $11 {and Black stays safe.}) 56. Rc3 $18 Ra8 57. Kxc4 $2 (57. Kc6 $18 {is more deadly.} Kg6 58. Kb5 (58. Rxc4 Rxa3 59. Kd7 Kh5 $11)) 57... Kxh4 $16 58. Kb4 {Strongly threatening Rc5.} Kg5 59. Rf3 (59. a4 $18) 59... Rb8+ 60. Kc5 Ra8 61. Kb5 $1 {Black must now prevent a4.} Rb8+ 62. Kc4 Ra8 {[#]} 63. Kb3 $1 Rb8+ {[#]} 64. Ka2 $1 Ra8 65. Rf7 Kg6 66. Rb7 Kf6 {The position is equal.} 67. Kb3 {a4 is the strong threat.} Ke6 68. Kb4 {next a4 is good for White.} Kd6 69. a4 {Hoping for Kb5.} Kc6 70. Rb5 Kc7 71. a5 Rb8 72. Rxb8 Kxb8 73. a6 Ka7 74. Kc5 Kxa6 {Precision: White = 40%, Black = 51%.} 1/2-1/2

[Event "Graz Open 2018"]
[Site "Graz"]
[Date "2018.02.23"]
[Round "9"]
[White "Istratescu, Andrei"]
[Black "Sebenik, Matej"]
[Result "1/2-1/2"]
[WhiteElo "2595"]
[BlackElo "2557"]
[Annotator "TA"]
[PlyCount "116"]
[EventDate "2018.??.??"]
[EventType "swiss"]
[EventCountry "AUT"]
[SourceTitle "playchess.com"]
[Source "ChessBase"]
[SourceQuality "1"]

{[%evp 30,116,0,0,6,4,21,6,6,4,12,0,7,5,8,9,10,13,24,10,15,15,18,6,39,0,22,0,2,0,14,0,15,33,17,0,0,0,0,0,0,0,0,0,0,0,0,0,0,0,0,0,0,0,0,0,37,0,0,0,0,0,0,0,0,0,0,0,0,0,0,0,-8,-8,0,0,0,0,0,0,0,0,0,0,0,0,0,0,0]} 1. d4 Nf6 2. c4 e6 3. Nf3 d5 4. Nc3 Be7 5. Bg5 h6 6. Bh4 O-O 7. e3 b6 8. Be2 Bb7 9. Bxf6 Bxf6 10. cxd5 exd5 11. b4 c6 12. O-O Re8 13. Qb3 a5 14. bxa5 Rxa5 15. Rab1 {D58: Queen's Gambit Declined: Tartakower Defence} (15. a4 Nd7 16. Rfe1 g6 17. Rad1 Bg7 18. e4 Nf8 19. exd5 cxd5 20. Rb1 Ne6 21. Bb5 Re7 22. Qb4 Ra8 23. Bf1 Rc7 24. Qxb6 Rxc3 25. Qxd8+ Rxd8 26. Rxb7 {½-½ (35) Hawkins,J (2533)-Adams,M (2758) Douglas 2014}) 15... Nd7 16. a4 {LiveBook: 14 Games} g6 17. Rfd1 Qa8 $146 ({Find the theoretical novelty and annotate with similar games:} 17... Re6 18. Ne1 h5 19. Nf3 Bg7 20. h4 Bf6 21. g3 c5 22. Bb5 Rd6 23. Qa3 {½-½ (23) Adelseck,H (2503)-Brewer,S (2382) ICCF email 2011}) 18. g3 Ba6 19. Bxa6 Rxa6 20. Re1 Bg7 21. Re2 Nf8 22. Reb2 Ne6 23. Qc2 Qa7 24. Qd3 Rd8 25. h4 h5 26. Kg2 Qb7 27. Rc2 Rda8 28. Rbc1 Ra5 29. Rb1 R5a6 30. Rb3 Qd7 31. Rcb2 Qd8 32. Rb1 Bf6 33. Qc2 Kg7 34. Rc1 Ra5 35. Qb1 R5a6 36. Qd3 Ra5 37. Rcb1 R5a6 38. Rd1 {[%cal Bb1d1,Bd1d2,Bd2b2,Bb2b3][%mdl 32]} Ra5 39. Rbb1 R8a7 40. Rd2 Rd7 41. Rdb2 Rb7 42. Qc2 Ra8 43. Rb3 Ra5 {The position is equal.} 44. Rc1 Rd7 45. Qd2 Ra8 46. Ne2 Rd6 47. Rcb1 {[%cal Bc1b1,Bb1b4,Bb4b3][%mdl 32]} c5 48. Nc3 {[%cal Be2c3,Bc3d1,Bd1b2][%mdl 32]} Rc8 49. Rb5 cxd4 50. exd4 Rc4 {[%cal Re6d4]} 51. R5b4 Rxb4 52. Rxb4 Rc6 53. Nd1 Be7 54. Rb3 Rc4 55. Nb2 Rc8 56. Nd1 Rc4 57. Nb2 Rc8 58. Nd1 Rc4 {Precision: White = 58%, Black = 66%.} 1/2-1/2

[Event "Graz Open 2018"]
[Site "Graz"]
[Date "2018.02.23"]
[Round "9"]
[White "Czarnota, Pawel"]
[Black "Menezes, Christoph"]
[Result "1/2-1/2"]
[WhiteElo "2562"]
[BlackElo "2385"]
[Annotator "TA"]
[PlyCount "53"]
[EventDate "2018.??.??"]
[EventType "swiss"]
[EventCountry "AUT"]
[SourceTitle "playchess.com"]
[Source "ChessBase"]
[SourceQuality "1"]

{[%evp 28,53,0,0,0,0,0,-12,-5,-42,0,0,0,0,-7,-26,-29,-35,-12,-12,-12,-14,-18,-27,-24,-42,0,0]} 1. e4 c5 2. Nf3 d6 3. d4 cxd4 4. Nxd4 Nf6 5. Nc3 a6 6. Be2 e5 7. Nb3 Be7 8. Be3 Be6 9. Nd5 Nbd7 10. Qd3 O-O {B92: Sicilian Najdorf: 6 Be2} 11. c4 (11. a4 Bxd5 12. exd5 Nc5 13. Nxc5 dxc5 14. c4 Qc7 15. Qc2 Rae8 16. g4 e4 17. O-O-O Bd6 18. g5 {1-0 (40) Eljanov,P (2739)-Nepomniachtchi,I (2742) Geneva 2017}) 11... b5 12. cxb5 axb5 13. O-O Bxd5 14. exd5 Nb6 15. Bxb6 {LiveBook: 8 Games} Qxb6 16. Qxb5 Qa7 17. Qd3 Rfb8 18. Rfc1 $146 Rb4 19. Rc4 Rxc4 20. Qxc4 Bd8 $1 21. Rf1 Rb8 22. Qc6 Qxa2 23. Bc4 $1 Be7 24. Qc7 $1 {[%csl LRb8,LRe7]} Re8 25. Bb5 Rf8 $1 26. Bc4 Re8 27. Bb5 1/2-1/2

[Event "Graz Open 2018"]
[Site "Graz"]
[Date "2018.02.23"]
[Round "9"]
[White "Nevednichy, Vladislav"]
[Black "Tomazini, Zan"]
[Result "1/2-1/2"]
[WhiteElo "2551"]
[BlackElo "2416"]
[Annotator "TA"]
[PlyCount "120"]
[EventDate "2018.??.??"]
[EventType "swiss"]
[EventCountry "AUT"]
[SourceTitle "playchess.com"]
[Source "ChessBase"]
[SourceQuality "1"]

{[%evp 19,120,22,37,22,46,42,41,26,44,37,39,21,60,57,57,54,60,51,57,54,70,47,52,36,51,43,62,49,56,52,45,40,43,42,47,43,43,41,56,35,54,44,45,47,40,58,68,29,23,29,66,64,74,39,35,0,21,28,120,124,217,213,196,206,215,206,215,156,155,153,152,153,148,147,146,152,162,160,161,151,221,0,0,0,0,0,0,0,0,0,0,0,0,0,0,0,0,0,0,0,0,0,0]} 1. e4 c5 2. Nf3 d6 3. Bb5+ Bd7 4. c4 Nc6 5. d4 cxd4 6. Nxd4 g6 {B54: Sicilian: 2...d6 3 d4 cxd4 4 Nxd4, Unusual Lines} 7. Be3 Bg7 8. Nc3 Nf6 9. h3 O-O 10. O-O a6 {LiveBook: 11 Games} (10... Rc8 11. Rc1 a6 12. Bxc6 Bxc6 {1-0 (60) Hou,Y (2663)-Nepomniachtchi,I (2719) Almaty 2016}) 11. Bxc6 Bxc6 12. Qc2 $146 ({Predecessor:} 12. Qd3 Rc8 {1-0 (46) Xiong,J (2467)-Kosintseva,N (2517) Richardson 2014}) 12... Rc8 13. a4 Qa5 14. Rac1 Bd7 15. b3 Qh5 16. f3 Rfe8 17. Qd2 Qa5 18. Rfd1 Qb4 19. Rb1 h5 20. h4 Kh7 21. Qd3 Bh6 22. Bf2 Qa5 23. Kf1 Qe5 24. Nce2 Qa5 25. Be1 Qc5 {Threatening ...e5.} 26. Nc3 Rg8 27. Bf2 {Threatens to win with Nf5.} Qa5 28. Nde2 Be6 29. Bd4 Nd7 30. Nd5 Bxd5 31. exd5 b5 32. cxb5 axb5 33. Qxb5 Qxb5 34. axb5 Rb8 35. Nc3 Rgc8 36. Re1 Ne5 {aiming for ...Bd2.} 37. Re2 Rb7 (37... Bg7 $5 {[%cal Re5f3]}) 38. b6 $36 {[%mdl 2048] And now Ra1 would win. White has some pressure.} Bg7 (38... Nd3 $11) 39. Na4 $16 Bf6 (39... Nd3 $16) 40. Bxe5 $18 Bxe5 41. Re4 $1 Rc2 42. Rc4 Rd2 43. Rc7 Rxc7 44. bxc7 $16 {[%mdl 4096] Endgame KRB-KRN} Rc2 45. b4 {[%cal Bb3b4,Bb4b5,Bb5b6,Bb6b7][%mdl 32]} Rxc7 46. b5 Rc4 {[#]} 47. b6 $1 {[%cal Rb6b7] Strongly threatening b7.} Bd4 48. b7 Ba7 49. Nb6 Rc2 {[#]} (49... Rc7 $16 50. Na8 Rc5) 50. Ra1 $2 ({White should play} 50. Nc8 $1 $18 {[%cal Rc8a7]} Rf2+ 51. Ke1 Rxg2 52. Rb6) 50... Rb2 $11 {The position is equal.} 51. Ra6 {Hoping for Nc8.} Bb8 52. Ke1 Bc7 53. Kd1 Rb4 54. g3 Kg7 55. Kc2 Rb5 56. Kd3 Rb1 57. Kc4 Rb2 58. Kd3 Rb1 59. Kc4 Rb2 60. Kd3 Rb1 {Precision: White = 72%, Black = 48%.} 1/2-1/2

[Event "Graz Open 2018"]
[Site "Graz"]
[Date "2018.02.23"]
[Round "9"]
[White "Deac, Bogdan-Daniel"]
[Black "Dastan, Muhammed Batuhan"]
[Result "1/2-1/2"]
[WhiteElo "2549"]
[BlackElo "2520"]
[Annotator "TA"]
[PlyCount "54"]
[EventDate "2018.??.??"]
[EventType "swiss"]
[EventCountry "AUT"]
[SourceTitle "playchess.com"]
[Source "ChessBase"]
[SourceQuality "1"]

{[%evp 18,54,0,0,0,-6,0,0,0,0,0,-2,14,12,22,21,17,22,21,0,15,12,23,0,0,0,0,0,0,0,10,10,10,10,6,6,7,5,6]} 1. Nf3 d5 2. d4 Nf6 3. Bf4 c5 4. e3 Nc6 5. Nbd2 (5. c3 Bg4 6. Qb3 Qc8 7. Ne5 c4 8. Qa4 Bd7 9. Nxd7 Qxd7 10. b3 cxb3 11. axb3 e6 12. Bb5 Bd6 13. Bxc6 bxc6 14. Bxd6 Qxd6 {1-0 (53) Nakamura,H (2781)-Shimanov,A (2641) chess.com INT 2018}) 5... cxd4 6. exd4 {D02: 1 d4 d5 2 Nf3 sidelines, including 2...Nf6 3 g3 and 2...Nf6 3 Bf4} Bf5 7. c3 e6 8. Qb3 Bd6 9. Bxd6 Qxd6 10. Be2 {LiveBook: 6 Games} O-O 11. O-O Rab8 12. a4 h6 13. Rfe1 $146 Bh7 (13... a6 {NOTEXT} 14. Qd1 Rfc8 15. Nb3 Nb4 16. Rc1 Na2) 14. Qa3 Qxa3 (14... Qc7 {NOTEXT} 15. Bb5 Rfd8 16. Bxc6 Qxc6 17. Ne5 Qe8) 15. Rxa3 b6 16. Ba6 Rfd8 17. Bb5 Rdc8 18. Re3 Ne4 19. Nxe4 Bxe4 20. Ne5 Nxe5 {The position is equal.} 21. dxe5 Bf5 22. f3 d4 23. cxd4 Rc2 24. Re2 Rxe2 $1 25. Bxe2 Rd8 26. a5 bxa5 27. Rxa5 Rxd4 {Precision: White = 83%, Black = 60%.} 1/2-1/2

[Event "Graz Open 2018"]
[Site "Graz"]
[Date "2018.02.23"]
[Round "9"]
[White "Gazik, Viktor"]
[Black "Nalbant, Tuna Onat"]
[Result "1-0"]
[WhiteElo "2473"]
[BlackElo "2119"]
[Annotator "TA"]
[PlyCount "63"]
[EventDate "2018.??.??"]
[EventType "swiss"]
[EventCountry "AUT"]
[SourceTitle "playchess.com"]
[Source "ChessBase"]
[SourceQuality "1"]

{[%evp 16,63,22,19,50,51,49,55,104,91,150,139,135,137,209,223,199,202,359,258,272,299,314,256,345,351,411,393,710,572,563,310,501,489,503,529,2887,2668,2254,428,2022,1915,29990,29991,29995,29995,29996,29997,29997,29998]} 1. Nf3 d5 2. g3 g6 3. Bg2 Bg7 4. O-O e5 5. c4 d4 6. d3 Ne7 7. b4 {[%cal Bb2b4,Bb4b5][%mdl 32]} O-O 8. Nbd2 a5 9. b5 {LiveBook: 58 Games. A09: Réti Opening: 1 Nf3 d5 2 c4} a4 (9... c5 10. bxc6 Nexc6 11. Rb1 Na6 12. Re1 h6 13. Bb2 Qc7 14. Ba1 Rb8 15. Rb5 Na7 16. Rb2 Bd7 {½-½ (30) Nepomniachtchi,I (2704)-Wen,Y (2609) Moscow 2016}) 10. Ba3 Nd7 11. Rb1 {White is slightly better.} f5 $146 ({Predecessor:} 11... Re8 12. Rb4 Nb6 13. Qc2 Nf5 14. Ne4 Bd7 15. Rfb1 Ra5 16. Nc5 Qa8 {1-0 (80) Briffel,F-Clarke,T (2205) Thessaloniki 1988}) 12. Re1 Re8 (12... Bh6 $142) 13. e3 $16 dxe3 14. Rxe3 c5 (14... f4 $16 15. Re1 Nf5) 15. Qe1 $18 f4 {[#]} 16. gxf4 $1 Bh6 $2 (16... Nf5) 17. fxe5 Bxe3 18. fxe3 ({But not} 18. Qxe3 $6 Nf5 $16) 18... Nf5 19. Bb2 a3 {[#]} 20. Ba1 $1 Ra4 21. Ne4 Qe7 $2 (21... h6 22. Nc3 Ra7) 22. Qc3 Rb4 23. Rb3 Qg7 $2 (23... Rxb3 24. axb3 (24. Qxb3 Nh4 $14) 24... Kf8) 24. Nf6+ Nxf6 25. exf6 Qh6 {[#]} 26. f7+ $1 {[%mdl 512]} Kxf7 27. Qf6+ Kg8 28. Ng5 {[%csl Ga1][%cal Rf6h8,Bf3g5,Bg5f7,Bf7h6,Bh6f5][%mdl 32]} Qg7 29. Bd5+ {White mates.} Kh8 30. Nf7+ Kg8 31. Nh6+ Kh8 32. Nxf5 {Precision: White = 90%, Black = 23%.} 1-0

[Event "Graz Open 2018"]
[Site "Graz"]
[Date "2018.02.23"]
[Round "9"]
[White "Baumegger, Siegfried"]
[Black "Szustakowski, Antoni"]
[Result "1-0"]
[WhiteElo "2450"]
[BlackElo "2303"]
[Annotator "TA"]
[PlyCount "49"]
[EventDate "2018.??.??"]
[EventType "swiss"]
[EventCountry "AUT"]
[SourceTitle "playchess.com"]
[Source "ChessBase"]
[SourceQuality "1"]

{[%evp 15,48,23,41,36,30,22,29,13,44,64,155,153,393,400,455,455,447,430,663,666,996,965,1402,1392,1362,1363,953,1316,29982,29980,29988,1784,29997,29998,29999]} 1. e4 e6 2. d4 d5 3. Nc3 Nf6 4. Bg5 dxe4 5. Nxe4 Be7 6. Bxf6 gxf6 7. Nf3 a6 8. g3 Nc6 {LiveBook: 5 Games. C13: French: Classical System: 4 Bg5 Be7, Alekhine-Chatard Attack} 9. c3 e5 $146 ({Predecessor:} 9... b6 10. Bg2 Bb7 11. O-O Qd7 12. Qe2 O-O-O 13. Rad1 f5 14. Ned2 h5 15. Nc4 Bf6 16. h4 {½-½ (35) Nevednichy,V (2548)-Erdos,V (2468) Miskolc 2004}) 10. d5 Na7 {The position is equal.} 11. Bc4 {[%cal Bf1c4,Bc4b3,Bb3c2][%mdl 32]} b5 12. Bb3 $1 Bb7 (12... h5 $14) 13. Nh4 $16 c5 $2 (13... h5 $16 {was necessary.} 14. f4 Qd7) 14. Qf3 $18 c4 15. Bc2 ({Not} 15. d6 Bxe4 16. Qxe4 Bxd6 $18) 15... Qxd5 16. Nf5 Qc6 (16... Rd8 $142 17. Nxe7 Qd2+ 18. Nxd2 Bxf3) 17. O-O-O {[%cal Ba1d1,Bd1d2,Bd2d8][%mdl 32]} Nc8 18. Qg4 Qb6 19. Qg7 Rf8 20. Rd2 Bxe4 21. Bxe4 Rb8 22. Rhd1 Qc7 23. Qxh7 (23. Qh6 $142 Ba3 {[#]} 24. Bc6+ $1 {[%mdl 512]} Qd7 25. Ng7+ Ke7 26. Rxd7#) 23... Bc5 {[#]} 24. Bc6+ $1 {[%mdl 512]} Qxc6 25. Rd8# {Precision: White = 74%, Black = 15%.} 1-0

[Event "Graz Open 2018"]
[Site "Graz"]
[Date "2018.02.23"]
[Round "9"]
[White "Schnider, Gert"]
[Black "Huber, Martin Christian"]
[Result "1/2-1/2"]
[WhiteElo "2430"]
[BlackElo "2364"]
[Annotator "TA"]
[PlyCount "55"]
[EventDate "2018.??.??"]
[EventType "swiss"]
[EventCountry "AUT"]
[SourceTitle "playchess.com"]
[Source "ChessBase"]
[SourceQuality "1"]

{[%evp 19,55,23,32,7,12,-7,22,27,33,0,18,13,22,0,0,-1,0,-14,0,0,0,0,0,0,0,-9,0,0,12,0,40,14,20,0,35,0,0,0]} 1. e4 c5 2. Nf3 e6 3. d4 cxd4 4. Nxd4 Nc6 5. Nc3 Qc7 6. Be3 a6 7. Qf3 {B48: Sicilian: Taimanov: 5 Nc3 Qc7 6 Be3 a6 without Be2} (7. Qd2 Nf6 8. f4 Bb4 9. Bd3 Na5 10. a3 Bxc3 11. Qxc3 Qxc3+ 12. bxc3 d5 13. exd5 exd5 14. Nb3 Nc4 15. Bd4 Ne4 {1-0 (57) Carlsen,M (2834)-Matlakov,M (2718) Wijk aan Zee 2018}) 7... Nf6 8. O-O-O h5 9. Nxc6 dxc6 10. h3 b5 {LiveBook: 3 Games} 11. e5 Nd5 $1 12. Bf4 Qa5 (12... Nxc3 {keeps more tension.} 13. Qxc3 c5 14. Qg3 c4 15. Be2 Bb7) 13. Nxd5 $146 ({Predecessor:} 13. Bd3 Be7 14. Nxd5 exd5 {½-½ (37) Santos Latasa,J (2536)-Shankland,S (2662) Sitges 2017}) 13... exd5 14. Kb1 Be6 15. Bd3 Qc7 16. Rhe1 Be7 17. Qg3 O-O-O 18. Bg5 h4 19. Qe3 Kb7 20. Bxe7 Qxe7 21. f4 g6 22. Rf1 Rhg8 23. Rd2 Bf5 24. Qe2 Qd7 25. Qf2 Qe7 26. Qe2 Qd7 27. Qf2 Qe7 28. Qe2 {Precision: White = 32%, Black = 59%.} 1/2-1/2

[Event "Graz Open 2018"]
[Site "Graz"]
[Date "2018.02.23"]
[Round "9"]
[White "Barski, Radoslaw"]
[Black "Socko, Bartosz"]
[Result "1/2-1/2"]
[WhiteElo "2429"]
[BlackElo "2593"]
[Annotator "TA"]
[PlyCount "55"]
[EventDate "2018.??.??"]
[EventType "swiss"]
[EventCountry "AUT"]
[SourceTitle "playchess.com"]
[Source "ChessBase"]
[SourceQuality "1"]

{[%evp 25,55,-16,0,-17,-22,-16,0,0,31,11,47,34,44,34,55,54,64,66,146,158,147,148,166,168,166,150,140,0,0,0,0,0]} 1. e4 c6 2. d4 d5 3. e5 Bf5 4. Nc3 e6 5. g4 Bg6 6. Nge2 c5 7. h4 h5 8. Nf4 Bh7 9. Nxh5 Nc6 {B12: Caro-Kann: Advance Variation} 10. dxc5 Bxc5 11. Bb5 Qc7 12. Bxc6+ Qxc6 13. Qf3 Kf8 {LiveBook: 10 Games} (13... O-O-O 14. Nxg7 Ne7 15. Bg5 d4 16. Qxc6+ Nxc6 17. Na4 {½-½ (77) Liu,G (2448)-Vidit,S (2687) Chengdu 2017}) 14. Be3 Bb4 $146 ({Predecessor:} 14... Ne7 15. Bxc5 Qxc5 16. O-O Nc6 17. Rae1 {0-1 (37) Liu,G (2418)-Hamitevici,V (2477) Danzhou 2016}) 15. O-O Bxc3 16. bxc3 Bxc2 17. Rac1 Bg6 18. Nf4 Be4 19. Qg3 $36 {[%mdl 2048] Black is under pressure.} g5 20. Nh3 gxh4 21. Qf4 Bg6 ({Black should try} 21... Rc8 $14) 22. c4 $1 $16 d4 23. Qxd4 Ne7 24. Qf4 Qe4 {[#]} 25. Qf6 $1 {[%cal Rf6h8]} Rg8 {[#]} 26. Bc5 ({Stronger than} 26. Qxh4 Nf5 $17) (26. Bf4 $1 $16) 26... Qxg4+ $11 27. Kh2 Qg2+ $1 ({But not} 27... Re8 $2 28. Rg1 $18) 28. Kxg2 {Precision: White = 40%, Black = 55%.} 1/2-1/2